000 00576nam a2200205 a 4500
001 BRCA_6930
005 20190320205639.0
008 161111s1899----u--#######---#000-0#eng-#
041 _aeng
044 _au
050 4 _aE188
_b.F58
_c1899
100 1 _aFiske, John
_917270
245 1 0 _aThe Dutch and Quaker colonies in America
_cby John Fiske.
260 _aBoston y Nueva York
_bHoughton Mifflin Company
_c1899
300 _a2 v.
_bil., mapas
_c21 cm.
500 _aO151
651 4 _aEstados Unidos
_xHistoria
_yPeriódo colonial
_917271
902 _aGFM
942 _2lcc
_cB
999 _c6612
_d6612